[Event "Karposh Open 2012"]
[Site "Skopje MKD"]
[Date "2012.04.12"]
[Round "7.55"]
[White "Ranic,Viktor"]
[Black "Krstev,E"]
[Result "0-1"]
[WhiteElo "1941"]
[BlackElo "2173"]

1.e4 e6 2.d4 d5 3.Nc3 Bb4 4.e5 b6 5.Qg4 Bf8 6.Bd3 Ba6 7.Nb5 Qd7 8.a4 f5 9.Qh5+ g6
10.Qe2 c6 11.Nd6+ Bxd6 12.Bxa6 Bb4+ 13.c3 Nxa6 14.Qxa6 Be7 15.Nf3 h6 16.h4 Rh7
17.b4 Bd8 18.Be3 Qc8 19.Qd3 a5 20.b5 Rc7 21.c4 dxc4 22.Qxc4 cxb5 23.Qxb5+ Qd7
24.Qb1 Rc4 25.Qd1 Rac8 26.O-O Be7 27.Re1 Bb4 28.Re2 Qd5 29.Raa2 Bc3 30.Rac2 Ne7
31.Bxh6 Nc6 32.Bd2 Nxd4 33.Nxd4 Bxd4 34.Rxc4 Qxc4  0-1

[Event "TCh-SUI National A 2012"]
[Site "Switzerland SUI"]
[Date "2012.04.15"]
[Round "2.7"]
[White "Gantner,M"]
[Black "Huss,A"]
[Result "0-1"]
[WhiteElo "2298"]
[BlackElo "2304"]

1.e4 e6 2.d4 d5 3.Nc3 Bb4 4.e5 Qd7 5.Ne2 b6 6.a3 Bf8 7.Nf4 Ba6 8.Bxa6 Nxa6
9.h4 c5 10.Nce2 Ne7 11.h5 h6 12.Rh3 cxd4 13.b4 Nb8 14.Bb2 Nbc6 15.Nd3 Qc7
16.Rc1 Nxe5 17.Nxe5 Qxe5 18.c4 dxc4 19.Rxc4 Nf5 20.Kf1 Bd6 21.g4 b5 22.Rc2 Ne7
23.Nxd4 Qd5 24.Qe2 a6 25.Nf3 O-O 26.Rd2 Qc6 27.Nd4 Qd7 28.Rhd3 Nd5 29.Qf3 Be5
30.Nf5 Bxb2 31.Rxb2 exf5 32.Rxd5 fxg4 33.Rxd7 gxf3 34.Rbd2 Rac8 35.Kg1 Rc3
36.R2d3 Rfc8 37.Kh2 Kf8 38.Kg3 Ke8 39.Kxf3 Rxa3 40.Rxa3 Kxd7 41.Rxa6 Rc4
42.Ra7+ Ke6 43.Ra6+ Kf5 44.Ra7 Kf6 45.Ra6+ Kg5 46.Ra7 Rf4+ 47.Ke3 Rf5 48.Ra1 Kxh5  0-1

[Event "World Amateur Championship"]
[Site "Neos Marmaras GRE"]
[Date "2012.04.20"]
[Round "6"]
[White "Minas,I"]
[Black "Johannesson,Oliver"]
[Result "0-1"]
[WhiteElo "1930"]
[BlackElo "1677"]

1.e4 e6 2.d4 d5 3.Nc3 Bb4 4.e5 Qd7 5.Bd2 b6 6.a4 Ba6 7.Nb5 Bf8 8.Qg4 g6 9.Be2 c6
10.Na3 Bxe2 11.Qxe2 Ne7 12.Nf3 h5 13.c3 c5 14.Qb5 Nec6 15.dxc5 bxc5 16.c4 a6
17.Qb3 d4 18.O-O Qc7 19.Rae1 Nd7 20.Ng5 Ndxe5 21.f4 Ng4 22.h3 Nh6 23.Qf3 O-O-O
24.Nb5 Qb7 25.Qxc6+ Qxc6 26.Na7+ Kb7 27.Nxc6 Kxc6 28.Rf3 Bd6 29.Rb1 Rb8 30.Kf1 Rb7
31.Ke2 Rhb8 32.b3 Nf5 33.Kd1 Re8 34.Kc2 h4 35.Re1 Ng3 36.Ne4 Nxe4 37.Rxe4 f5
38.Re2 e5 39.fxe5 Rbe7 40.Bg5 Rxe5 41.Rxe5 Rxe5 42.Kd1 Re4 43.Rf1 Kd7 44.Rf3 Ke6
45.Rf1 Be7 46.Bd2 g5 47.Bc1 Kf6 48.Bd2 Bf8 49.Bc1 Bd6 50.Rf3 Bg3 51.Ba3 Re1+
52.Kd2 Rg1 53.Bxc5 Rxg2+ 54.Kd3 Be5 55.Bxd4 Bxd4 56.Kxd4 Ke6 57.Re3+ Kd7
58.b4 g4 59.Ke5 Rg3 60.Re1 Rxh3 61.Kxf5 g3 62.Kg4 Rh2 63.b5 axb5 64.cxb5 g2
65.Rg1 h3 66.Kg3 Rh1 67.Kf2 Kc7 68.a5 Kb7  0-1

[Event "TCh-CAT 2012"]
[Site "Catalunya ESP"]
[Date "2012.04.21"]
[Round "11.2"]
[White "Fluvia Poyatos,Joa"]
[Black "Gonzalez Rodriguez,JA"]
[Result "1-0"]
[WhiteElo "2490"]
[BlackElo "2385"]

1.e4 e6 2.d4 d5 3.Nc3 Bb4 4.e5 b6 5.a3 Bf8 6.Nf3 c5 7.Be3 a6 8.Ne2 Nc6 9.c4 dxc4
10.dxc5 Qxd1+ 11.Rxd1 b5 12.Nc3 Bb7 13.a4 b4 14.Ne4 Na5 15.Nd6+ Bxd6 16.cxd6 Be4
17.h4 Nh6 18.d7+  1-0

[Event "Belgrade Cup Final 2012"]
[Site "Belgrade SRB"]
[Date "2012.04.22"]
[Round "5.6"]
[White "Milanko,N"]
[Black "Markovic,Vl"]
[Result "0-1"]
[WhiteElo "2009"]
[BlackElo "2243"]

1.e4 e6 2.d4 d5 3.Nc3 Bb4 4.e5 Ne7 5.a3 Bxc3+ 6.bxc3 b6 7.a4 Ba6 8.Bxa6 Nxa6
9.Ne2 h6 10.O-O Nb8 11.Ng3 g6 12.Qf3 Nbc6 13.Qf6 Rh7 14.Ba3 Nf5 15.Qxd8+ Rxd8
16.Nxf5 gxf5 17.Bb4 Kd7 18.Rfd1 Rg7 19.Rd3 Rdg8 20.Rg3 Rg4 21.Rd1 Rxg3 22.hxg3 Rb8
23.Ra1 Na5 24.Bxa5 bxa5 25.Kf1 Rb2 26.Rc1 Ra2 27.Ke2 Rxa4 28.Kd2 Ra2 29.c4 Ra4
30.c3 Rxc4 31.Ra1 a4 32.f3 Kc6 33.Kc2 Kb5 34.Rb1+ Ka5 35.Kb2 Rc6 36.Rh1 Kb5
37.Rxh6 Kc4 38.Rh7 a6 39.Kc2 Rb6 40.Rxf7  0-1

[Event "IV ch-IberoAmerican Final GpB"]
[Site "Quito ECU"]
[Date "2012.04.22"]
[Round "5.3"]
[White "Barrientos,S"]
[Black "Rodriguez Vila,A"]
[Result "0-1"]
[WhiteElo "2519"]
[BlackElo "2518"]

1.e4 e6 2.d4 d5 3.Nc3 Bb4 4.e5 Ne7 5.a3 Bxc3+ 6.bxc3 b6 7.Qg4 Ng6 8.h4 h5
9.Qd1 Qd7 10.Bg5 Qc6 11.Ne2 Ba6 12.Rh3 Nd7 13.Rg3 f6 14.exf6 gxf6 15.Bxf6 Nxf6
16.Rxg6 Ne4 17.c4 O-O-O 18.f3 Qe8 19.Nf4 e5 20.Nxd5 Nc3 21.Qd2 Nxd5 22.cxd5 Bxf1
23.Re6 Qb5 24.Rxe5 Rhg8 25.c4 Bxc4 26.d6 Rge8 27.Kf2 Rxe5 28.dxe5 Qxe5  0-1

[Event "FSIM May 2012"]
[Site "Budapest HUN"]
[Date "2012.05.05"]
[Round "1"]
[White "Lengyel,B"]
[Black "Galyas,M"]
[Result "1/2-1/2"]
[WhiteElo "2260"]
[BlackElo "2403"]

1.e4 e6 2.d4 d5 3.Nc3 Bb4 4.e5 Ne7 5.Bd2 b6 6.Nf3 Bxc3 7.Bxc3 Ba6 8.Bxa6 Nxa6
9.Qd3 Qc8 10.O-O c5 11.Rfc1 Nc6 12.a4 h6 13.b3 O-O 14.Qe3 Qd7 15.a5 Rfc8
16.Qf4 cxd4 17.Nxd4 Nc5 18.f3 bxa5 19.Bxa5 Nxa5 20.Rxa5 Qc7 21.Rca1 Nd7 22.Qe3 Nxe5
23.c4 Nc6 24.Nxc6 Qxc6 25.cxd5 exd5 26.Rd1 Rd8 27.Qd4 Rab8 28.Rxd5 Rxd5 29.Qxd5 Qb6+
30.Kf1 Qxb3 31.Qxb3 Rxb3 32.Rd8+ Kh7 33.Rd7 Kg6  1/2-1/2

[Event "ch-CZE 2012"]
[Site "Kouty nad Desnou CZE"]
[Date "2012.05.15"]
[Round "4"]
[White "Kanovsky,D"]
[Black "Adamek,J"]
[Result "1/2-1/2"]
[WhiteElo "2445"]
[BlackElo "2320"]

1.e4 e6 2.d4 d5 3.Nc3 Bb4 4.e5 Ne7 5.Nf3 b6 6.Bd2 Bxc3 7.Bxc3 Ba6 8.Bxa6 Nxa6
9.Qe2 Nb8 10.O-O O-O 11.b3 Nd7 12.Bb2 c5 13.c4 Rc8 14.Rac1 cxd4 15.Nxd4 dxc4
16.bxc4 a6 17.Rfd1 Qc7 18.Ba3 Nc5 19.Nb3 Nxb3 20.axb3 a5 21.Bxe7 Qxe7 22.Rd6 Qb7
23.Rcd1 Qb8 24.Qd3 h6 25.Qd4 Rc5 26.Rd3 Qc7 27.Rg3 Kh8 28.Qf4 Kh7 29.Qe4+ Kh8
30.Qf4 Kh7 31.Qe4+ Kh8 32.Qf4  1/2-1/2

[Event "ch-CZE 2012"]
[Site "Kouty nad Desnou CZE"]
[Date "2012.05.16"]
[Round "5"]
[White "Vavra,P1"]
[Black "Kanovsky,D"]
[Result "1/2-1/2"]
[WhiteElo "2368"]
[BlackElo "2445"]

1.e4 e6 2.d4 d5 3.Nc3 Bb4 4.e5 Ne7 5.Qg4 c5 6.Qxg7 Rg8 7.Qxh7 cxd4 8.a3 Bxc3+
9.bxc3 Qc7 10.Ne2 Nbc6 11.f4 Bd7 12.Qd3 dxc3 13.Nxc3 a6 14.Ne2 O-O-O 15.Rb1 d4
16.Ng3 Na5 17.Ne4 Nf5 18.g4 Rxg4 19.Bh3 Rg6 20.Bxf5 exf5 21.Nd6+ Rxd6 22.exd6 Qxd6
23.Kf2 Qd5 24.Rg1 Nc4 25.Qf3 Qe4 26.Qxe4 fxe4 27.Rg5 f5 28.h4 d3 29.cxd3 exd3
30.Rb4 b5 31.h5 Bc6 32.h6 d2 33.Bxd2 Rxd2+ 34.Kg3 Ne3 35.Rb1 Ng4 36.Rxf5 Nxh6
37.Rf6 Be4 38.Rc1+ Kb7 39.Rxh6 Rd3+ 40.Kh4 Rxa3 41.Rg1 Rc3 42.Rg7+ Rc7 43.Rxc7+ Kxc7
44.Rxa6 Bd5 45.Kg5 b4 46.Kf5 b3 47.Ra1 Kd6 48.Rc1 Bc6 49.Rb1 Bd5 50.Kf6 Kc5
51.Ke5 Bf7 52.f5 Kc4 53.Kf6 Bh5 54.Rxb3  1/2-1/2

[Event "ch-Catalunya 2012"]
[Site "Barcelona ESP"]
[Date "2012.05.17"]
[Round "3.2"]
[White "Fluvia Poyatos,Joa"]
[Black "Narciso Dublan,M"]
[Result "1/2-1/2"]
[WhiteElo "2490"]
[BlackElo "2541"]

1.e4 e6 2.d4 d5 3.Nc3 Bb4 4.e5 b6 5.a3 Be7 6.b4 c5 7.Rb1 Nc6 8.Bb5 Bd7 9.bxc5 bxc5
10.Nf3 Rc8 11.dxc5 Bxc5 12.O-O Na5 13.Na4 Bxb5 14.Rxb5 Bb6 15.Nxb6 axb6 16.Qd4 Ne7
17.Rxb6 O-O 18.Rb2 Rc4 19.Qd3 Qc7 20.Bd2 Nac6 21.Ng5 Nf5 22.f4 h6 23.Nf3 Ra8
24.Rfb1 Qa7+ 25.Kh1 Qxa3 26.Rb8+ Nxb8 27.Rxb8+ Kh7 28.Rxa8 Qxa8 29.g4 g6
30.gxf5 gxf5 31.Kg2 Qa4 32.Qb3 Qc6 33.Ne1 d4+ 34.Qf3 Qe4 35.Kf2 Rc7 36.Ba5 Rb7
37.Nd3 Rb1 38.Be1 Ra1 39.Qxe4 fxe4 40.Nc5 e3+ 41.Ke2 Rc1 42.Nb3 Rxc2+ 43.Kd3 Rxh2
44.Nxd4 Rh1 45.Bb4 Rh3 46.Nc2 h5 47.Nxe3 Kg6 48.Ke2 h4 49.Be1 Kh5 50.Bf2 Rh1
51.Kf3 Rb1 52.f5 Rb3 53.fxe6 fxe6 54.Kg2 Rb2 55.Kf3 Kg5 56.Bg1 Ra2 57.Bf2 h3
58.Nf1 Ra3+ 59.Be3+ Kf5 60.Kg3 Kxe5 61.Kxh3 Ke4 62.Nd2+ Kd3 63.Bg5 Ra5 64.Nf3 Ke4
65.Kg4  1/2-1/2

[Event "KNSB Bekerfinale 2012"]
[Site "Bunschoten NED"]
[Date "2012.05.17"]
[Round "1.3"]
[White "Van der Kaap,J"]
[Black "Hummel,E"]
[Result "0-1"]
[WhiteElo "2223"]
[BlackElo "2281"]

1.e4 e6 2.d4 d5 3.Nc3 Bb4 4.e5 Qd7 5.a3 Bxc3+ 6.bxc3 b6 7.Qg4 f5 8.Qg3 Ba6
9.Bd3 Bxd3 10.cxd3 Qf7 11.Ne2 Ne7 12.O-O h6 13.h4 Nd7 14.a4 g5 15.hxg5 hxg5
16.Bxg5 O-O-O 17.f4 Rdg8 18.Kf2 Nf8 19.Qf3 Nc6 20.Rh1 Na5 21.Rh3 Rh7 22.Rah1 Rhg7
23.g3 Nh7 24.Bh4 Rg4 25.Ra1 Kb8 26.Qh1 R4g7 27.Qd1 Qd7 28.Ng1 Qc6 29.Ra3 Qe8
30.Nf3 Qf8 31.Ra1 c5 32.Bg5 Qc8 33.Rc1 Rc7 34.dxc5 Nxg5 35.Nxg5 Rxc5 36.Rh7 Rxc3
37.Rxc3 Qxc3 38.Nxe6 Nc6 39.Rg7 Rh8 40.Kg2 Qb2+ 41.Kf3 Rh2 42.Qf1 d4 43.g4 fxg4+
44.Kxg4 Qb3 45.Kf5 Rh5+ 46.Rg5 Rh8 47.Ng7 Qf7+ 48.Ke4 Rd8 49.e6 Qb7 50.Kf5  0-1

[Event "e2e4 Amersham Open"]
[Site "Amersham ENG"]
[Date "2012.05.18"]
[Round "1"]
[White "Amato,G"]
[Black "Maciol,R"]
[Result "1/2-1/2"]
[WhiteElo "1962"]
[BlackElo "2199"]

1.e4 e6 2.d4 d5 3.Nc3 Bb4 4.e5 b6 5.Bd2 Qd7 6.Nf3 Nc6 7.a3 Bf8 8.Bb5 Bb7
9.O-O O-O-O 10.Qe2 Kb8 11.Na2 Qc8 12.Nb4 Nge7 13.Na6+ Ka8 14.b4 Nb8 15.Nxb8 Kxb8
16.Ng5 Nf5 17.c3 Nh6 18.a4 Be7 19.Bd3 c5 20.bxc5 bxc5 21.Rfb1 Ka8 22.a5 Bc6
23.Qh5 f6 24.Nf3 Be8 25.Qh3 Bg6 26.exf6 Bxf6 27.Bxg6 hxg6 28.Qg3 Nf5 29.Qxg6 cxd4
30.cxd4 Nxd4 31.Nxd4 Bxd4 32.Ra4 Be5 33.h3 Qd7 34.Rab4 Rb8 35.Rxb8+ Rxb8
36.Rxb8+ Kxb8 37.Qb1+ Qb7 38.Qxb7+ Kxb7 39.f4 Bc7 40.g4 Kc6 41.h4 d4 42.Kf2 Kd5
43.Kf3 e5 44.fxe5 Bxe5 45.h5 a6 46.g5 d3 47.Ke3 Kc4 48.h6 gxh6 49.gxh6 Bf6
50.Ke4 Bh8 51.h7 Bg7 52.Be1  1/2-1/2

[Event "1st Euro 2012 Open"]
[Site "Lviv UKR"]
[Date "2012.05.28"]
[Round "1"]
[White "Soupizon,R"]
[Black "Omelja,A"]
[Result "0-1"]
[WhiteElo "2001"]
[BlackElo "2304"]

1.e4 e6 2.d4 d5 3.Nc3 Bb4 4.e5 Qd7 5.f4 b6 6.Nf3 Nh6 7.Bd2 Ba6 8.Ne2 Be7
9.Ng3 Bxf1 10.Nxf1 c5 11.Ne3 Nc6 12.c3 f6 13.O-O O-O 14.Be1 fxe5 15.fxe5 Nf5
16.Qd2 Rf7 17.Bf2 Raf8 18.Rae1 cxd4 19.Nxf5 Rxf5 20.Nxd4 Nxd4 21.cxd4 Qb5
22.Qe2 Qxe2 23.Rxe2 Rc8 24.b3 b5 25.Be3 Rxf1+ 26.Kxf1 Kf7 27.Ke1 Kg6 28.Kd1 Rc3
29.Kd2 b4 30.Rf2 a5 31.Rf1 a4 32.Rb1 Rc6 33.Kd3 axb3 34.Rxb3 Ra6 35.Rb2 Ra3+
36.Ke2 h5 37.Bd2 Kf5 38.Bxb4 Bxb4 39.Rxb4 Ke4 40.Rb6 Rxa2+ 41.Kf1 Kxd4 42.Rxe6 Ke3
43.g4 hxg4 44.Re7 Rxh2 45.Rxg7 Rh1+ 46.Kg2 Rh5 47.e6 Re5 48.Rd7 d4  0-1

[Event "4th GM POL-UKR Rapid Match"]
[Site "Lublin POL"]
[Date "2012.05.29"]
[Round "2"]
[White "Kryvoruchko,Y"]
[Black "Socko,B"]
[Result "1-0"]
[WhiteElo "2676"]
[BlackElo "2635"]

1.e4 e6 2.d4 d5 3.Nc3 Bb4 4.e5 Ne7 5.a3 Bxc3+ 6.bxc3 c5 7.Bd2 Qc7 8.Qg4 Kf8
9.Bd3 b6 10.Nh3 Ba6 11.Nf4 Bxd3 12.cxd3 Nbc6 13.Nh5 Nf5 14.O-O g6 15.Ng3 h5
16.Qf4 Nce7 17.a4 c4 18.dxc4 Qxc4 19.a5 b5 20.a6 h4 21.Nxf5 Nxf5 22.g4 hxg3
23.fxg3 Rh7 24.g4 Ne7 25.Rf2 Ke8 26.Raf1 Kd7 27.Qg3 Rf8 28.Bg5 Nc6 29.h4 b4
30.cxb4 Qxd4 31.b5 Nb4 32.Kh2 Nd3 33.Re2 Qc4 34.Qe3 Nc5 35.Rc1 Qxg4 36.Rxc5 Rxh4+
37.Bxh4 Qxh4+ 38.Qh3 Qf4+ 39.Kg2 Qg5+ 40.Qg3 Qf5 41.Rec2 Rb8 42.Qf3 Qg5+
43.Kf1 f5 44.exf6 Rh8 45.Rc7+ Kd6 46.Qa3+ Ke5 47.Re2+  1-0

[Event "FSFMA June 2012"]
[Site "Budapest HUN"]
[Date "2012.06.11"]
[Round "9.5"]
[White "Darazs,Z"]
[Black "Ciuro Munoz,R"]
[Result "0-1"]
[WhiteElo "2136"]
[BlackElo "2087"]

1.e4 e6 2.d4 d5 3.Nc3 Bb4 4.e5 Qd7 5.f4 b6 6.Nf3 Bb7 7.Bd3 Nc6 8.O-O Nh6
9.a3 Be7 10.b4 Nf5 11.Ne2 h5 12.c3 a5 13.b5 Na7 14.a4 g6 15.Qb3 Nc8 16.Bd2 Bd8
17.Rac1 Nce7 18.g3 c6 19.bxc6 Bxc6 20.Ra1 Rb8 21.Rfb1 Kf8 22.Kg2 Kg7 23.h3 Bc7
24.g4 hxg4 25.hxg4 Nh4+ 26.Nxh4 Rxh4 27.Rh1 Rxh1 28.Kxh1 Rh8+ 29.Kg2 Qe8
30.Ng3 Qg8 31.f5 gxf5 32.gxf5 f6 33.Qa3 Kf7 34.Rf1 fxe5 35.dxe5 d4+ 36.Rf3 Bxe5  0-1

[Event "26th Pula Open"]
[Site "Pula CRO"]
[Date "2012.06.12"]
[Round "4.9"]
[White "Sadzikowski,D"]
[Black "Riedel,Ho"]
[Result "1-0"]
[WhiteElo "2392"]
[BlackElo "2148"]

1.e4 e6 2.d4 d5 3.Nc3 Bb4 4.e5 Qd7 5.a3 Bf8 6.f4 b6 7.Nf3 Ne7 8.Be3 Ba6 9.Bxa6 Nxa6
10.Qe2 Nb8 11.a4 Nbc6 12.O-O Na5 13.Bf2 h5 14.Nd1 Nf5 15.b3 Be7 16.Ne3 Nxe3
17.Bxe3 c5 18.dxc5 bxc5 19.Rad1 Qc6 20.f5 d4 21.Bd2 Nb7 22.Ng5 Bxg5 23.Bxg5 Nd8
24.Qd3 exf5 25.Rxf5 Ne6 26.Rdf1 O-O 27.Bf6 g6 28.Rxh5 gxh5 29.Qg3+ Kh7 30.Rf5 Kh6
31.Qh4  1-0

[Event "5th Mayors Cup 2012"]
[Site "Mumbai IND"]
[Date "2012.06.13"]
[Round "9.6"]
[White "Vishnu,P"]
[Black "Stupak,K"]
[Result "0-1"]
[WhiteElo "2431"]
[BlackElo "2513"]

1.e4 e6 2.d4 d5 3.Nc3 Bb4 4.e5 b6 5.a3 Bxc3+ 6.bxc3 Qd7 7.Qg4 f5 8.Qg3 Ba6
9.Bxa6 Nxa6 10.Ne2 O-O-O 11.a4 Nb8 12.h4 Nc6 13.h5 Na5 14.Nf4 Qf7 15.Kf1 Nc4
16.a5 Kb7 17.axb6 cxb6 18.Nd3 h6 19.Qg6 Qxg6 20.hxg6 Ne7 21.Nf4 Rd7 22.Rh3 Re8
23.Ke2 Nc6 24.Nh5 Rc7 25.f3 b5 26.g4 fxg4 27.fxg4 b4 28.Nf4 bxc3 29.Be3 Nb4
30.Rb1 a5 31.Nd3 Na3 32.Rb3 Nxc2 33.Nc5+ Rxc5 34.dxc5 d4 35.Bc1 Kc6 36.Rf3 Kxc5
37.Rf7 d3+ 38.Kd1 Kc4 39.Rb1 Ne3+ 40.Bxe3 c2+ 41.Kc1 Na2+  0-1

[Event "3rd Forni di Sopra Open"]
[Site "Forni di Sopra ITA"]
[Date "2012.06.18"]
[Round "3"]
[White "Alsina Leal,D"]
[Black "Naumkin,I"]
[Result "1/2-1/2"]
[WhiteElo "2540"]
[BlackElo "2472"]

1.e4 e6 2.d4 d5 3.Nc3 Bb4 4.e5 Ne7 5.a3 Bxc3+ 6.bxc3 b6 7.Qg4 Ng6 8.h4 h5
9.Qg3 Ba6 10.Bxa6 Nxa6 11.Bg5 Qd7 12.a4 Nb8 13.Ne2 Nc6 14.Qf3 Nge7 15.Nf4 g6
16.Bf6 Rg8 17.Nh3 Na5 18.Ng5 Nf5 19.Qd3 Nc4 20.f3 a5 21.Kf2 Nb2 22.Qb5 Qxb5
23.axb5 Nc4 24.Nh7 Kd7 25.Bg5 Rh8 26.Nf6+ Kc8 27.g4 Ng7 28.Bc1 Kb7  1/2-1/2

[Event "65th ch-RUS HL"]
[Site "Tyumen RUS"]
[Date "2012.06.19"]
[Round "4.10"]
[White "Kurnosov,I"]
[Black "Prizant,Ja"]
[Result "0-1"]
[WhiteElo "2663"]
[BlackElo "2524"]

1.e4 e6 2.d4 d5 3.Nc3 Bb4 4.e5 Ne7 5.a3 Bxc3+ 6.bxc3 b6 7.Qg4 Ng6 8.Bg5 Qd7
9.h4 h6 10.Bd2 h5 11.Qf3 Qa4 12.Nh3 Nxh4 13.Qd1 Ng6 14.Ng5 Ba6 15.Qf3 Rf8
16.Bd3 Bxd3 17.Qxd3 Qd7 18.Rxh5 Nc6 19.Rh7 Rg8 20.Qf3 Na5 21.Rd1 c5 22.Kf1 Rc8
23.g3 Rc7 24.Kg2 Qa4 25.dxc5 Qxc2 26.cxb6 axb6 27.Be3 Nc4 28.Bd4 Ngxe5 29.Qh5 g6
30.Qh1 Qf5 31.Qh4 Re7 32.Re1 Nd3 33.Re2 e5 34.Nf3 g5 35.Qh6 Re6 36.Qh5 Qg6
37.Nxg5 Qxh5 38.Rxh5 Rxg5 39.Rxg5 exd4 40.Rxe6+ fxe6 41.cxd4 Ne1+ 42.Kh3 Nf3
43.Rg4 Nxa3 44.Rf4 Ng1+ 45.Kh4 Nc4 46.g4 Ne2 47.Rf6 Nxd4 48.Kh5 Ke7 49.Rh6 Ne2
50.Rh7+ Kd6 51.g5 Ne5 52.Rb7 Kc6 53.Rb8 d4 54.Rf8 d3 55.g6 Nxg6 56.Kxg6 d2
57.Rd8 Nf4+  0-1

[Event "5th Karen Asrian Memorial"]
[Site "Jermuk ARM"]
[Date "2012.06.21"]
[Round "6.8"]
[White "Oparin,G"]
[Black "Poghosyan,S"]
[Result "0-1"]
[WhiteElo "2494"]
[BlackElo "2306"]

1.e4 e6 2.d4 d5 3.Nc3 Bb4 4.e5 Ne7 5.a3 Bxc3+ 6.bxc3 c5 7.Qg4 O-O 8.Bd3 Nbc6
9.Nf3 f5 10.Qf4 Ng6 11.Qe3 Qa5 12.Bd2 c4 13.Bf1 Qa4 14.Kd1 b5 15.Be1 Bd7
16.h4 a5 17.Qc1 b4 18.axb4 Qb5 19.bxa5 Rxa5 20.Rxa5 Nxa5 21.Bd2 Rb8 22.Qa3 Qa4
23.Qxa4 Rb1+ 24.Bc1 Bxa4 25.g3 Ra1 26.Bg2 Ra2 27.Ne1 Nf8 28.Be3 Ra1+ 29.Kd2 Nd7
30.f4 Nb6 31.Ke2 Ra2 32.Kd1 Nb3 33.Bf3 Na1 34.Rh2 Bb3 35.Kc1 Na4 36.Rf2 Nxc3
37.Bd1 Ne4 38.Rg2 Ba4 39.Bd2 Nb3+ 40.cxb3 cxb3 41.Bxb3 Bxb3 42.Bb4 Ra4 43.Bc5 Ra1+
44.Kb2 Rxe1 45.Kxb3 Re3+ 46.Kb4 Rxg3 47.Ra2 h5 48.Ra6 Rg6 49.Be7 Rg1 50.Kb5 Nc3+
51.Kc6 Ne2 52.Kd7 Nxf4 53.Bg5 Rxg5 54.hxg5 Kf7 55.Ra1 Kg6 56.Rg1 h4 57.Kd6 Kh5
58.g6 Nh3 59.Rh1 Ng5 60.Ke7 h3  0-1

[Event "5th Karen Asrian Memorial"]
[Site "Jermuk ARM"]
[Date "2012.06.22"]
[Round "7.8"]
[White "Gabuzyan,H"]
[Black "Poghosyan,S"]
[Result "1-0"]
[WhiteElo "2457"]
[BlackElo "2306"]

1.e4 e6 2.d4 d5 3.Nc3 Bb4 4.e5 Ne7 5.a3 Bxc3+ 6.bxc3 c5 7.Qg4 O-O 8.Bd3 Nbc6
9.Qh5 Ng6 10.Nf3 Qc7 11.Be3 c4 12.Bxg6 fxg6 13.Qg4 Qf7 14.Ng5 Qe8 15.h4 Bd7
16.Kd2 b5 17.Nh3 Ne7 18.Nf4 h6 19.Ne2 Qf7 20.h5 g5 21.f4 gxf4 22.Bxf4 Qf5
23.Qxf5 Nxf5 24.g4 Ne7 25.Rag1 Kh7 26.Rh3 a5 27.g5 Nf5 28.Be3 hxg5 29.Bxg5 Be8
30.Nf4 Bf7 31.Rgh1 Rh8 32.Ng6 Rhe8 33.Nh4 Nh6 34.Nf3 Rh8 35.Rg1 Ra7 36.Bf4 Nf5
37.Nh4 Nh6 38.Nf3 Nf5 39.h6 Kg8 40.Bg5 Be8 41.Rgh1 Bg6 42.hxg7 Rxh3 43.Rxh3 Rxg7
44.Bf6 Rh7 45.Rxh7 Bxh7 46.Ng5 Ng3 47.Nxe6 Ne4+ 48.Kc1 Nxc3 49.Bd8 Bf5 50.Nf4 Bg4
51.Kb2 Nd1+ 52.Kb1 Nc3+ 53.Ka1 Kf7 54.Bxa5 Ne2 55.e6+ Ke8 56.Nxd5 Bxe6 57.Nc7+ Kd7
58.Nxb5 Bd5 59.a4 Bc6 60.c3 Nf4 61.Kb2 Nd5 62.Na3 Ne3 63.Kc1 Bxa4 64.Kd2 Nf1+
65.Ke2 Ng3+ 66.Kf3 Nf5 67.Nxc4 Ke6 68.Kf4 Ne7 69.Ke3 Bb5 70.Nb2 Kd5 71.Bb6 Nf5+
72.Kf4 Nd6 73.Nd1 Nc4 74.Bc5 Bd7 75.Nf2 Ne5 76.dxe5 Kxc5 77.Kg5 Kc4 78.Nd1 Kd3
79.Kf6 Kd2 80.e6 Bc6 81.e7 Kxd1 82.Ke6 Kd2 83.c4 Kd3 84.Kd6  1-0

[Event "3rd Forni di Sopra Open"]
[Site "Forni di Sopra ITA"]
[Date "2012.06.23"]
[Round "9.2"]
[White "Salgado Lopez,I"]
[Black "Naumkin,I"]
[Result "1-0"]
[WhiteElo "2623"]
[BlackElo "2472"]

1.e4 e6 2.d4 d5 3.Nc3 Bb4 4.e5 Ne7 5.a3 Bxc3+ 6.bxc3 b6 7.Qg4 Ng6 8.h4 h5
9.Qd1 Ba6 10.Bxa6 Nxa6 11.Bg5 Qd7 12.Ne2 Nb8 13.Ng3 Qc6 14.Kd2 Qa4 15.Nxh5 Rh7
16.Ng3 Nc6 17.h5 Nge7 18.Qf3 Rh8 19.Rh4 Rf8 20.Rg4 O-O-O 21.Bxe7 Nxe7 22.Rxg7 Nc6
23.Ne2 f6 24.exf6 e5 25.h6 Kb7 26.Rh1 exd4 27.Qf4 Rc8 28.Nxd4 Na5 29.h7 Nc4+
30.Ke2 Qxa3 31.Rxc7+ Rxc7 32.Qxc7+  1-0

[Event "HSG Open A 2012"]
[Site "Hilversum NED"]
[Date "2012.06.23"]
[Round "4.4"]
[White "Beerdsen,Thomas"]
[Black "Dgebuadze,A"]
[Result "0-1"]
[WhiteElo "2066"]
[BlackElo "2558"]

1.e4 e6 2.d4 d5 3.Nc3 Bb4 4.e5 Ne7 5.a3 Bxc3+ 6.bxc3 c5 7.Qg4 O-O 8.Bd3 Nbc6
9.Nf3 f5 10.exf6 Rxf6 11.Bg5 e5 12.Bxh7+ Kxh7 13.Qh4+ Rh6 14.Bxh6 gxh6 15.dxe5 Qg8
16.O-O Bg4 17.Qg3 Nf5 18.Qf4 Rf8 19.e6 Bh3 20.Ne1 Nfe7 21.Qg3 Bxe6 22.Qxg8+ Rxg8
23.Nd3 b6 24.a4 Bf5 25.Rfe1 Ng6 26.g3 c4 27.Nb4 Nxb4 28.cxb4 Bxc2 29.a5 d4
30.axb6 axb6 31.Ra7+ Rg7  0-1

[Event "65th ch-RUS HL"]
[Site "Tyumen RUS"]
[Date "2012.06.24"]
[Round "8"]
[White "Kurnosov,I"]
[Black "Ovetchkin,R"]
[Result "1-0"]
[WhiteElo "2663"]
[BlackElo "2501"]

1.e4 e6 2.d4 d5 3.Nc3 Bb4 4.e5 Ne7 5.a3 Bxc3+ 6.bxc3 b6 7.Qg4 Ng6 8.h4 h5
9.Qf3 Nxh4 10.Qh3 Ng6 11.Bd3 Qd7 12.Nf3 Qc6 13.Bd2 Ne7 14.Qg3 Ba6 15.Qxg7 Rg8
16.Qh7 Bxd3 17.Qxd3 Qa4 18.Ng5 Nbc6 19.Rxh5 O-O-O 20.Nxf7 Rxg2 21.Kf1 Rdg8
22.Ng5 Nxe5 23.Qe2 Rg4 24.f3 Qxc2 25.fxg4 Rf8+ 26.Kg1 Nxg4 27.Qxe6+ Kb7 28.Qxe7 Qf5
29.Qe2 Nf6 30.Rf1 Qg6 31.Rh2  1-0

[Event "65th ch-RUS HL"]
[Site "Tyumen RUS"]
[Date "2012.06.26"]
[Round "10"]
[White "Stukopin,A"]
[Black "Ulanov,A"]
[Result "1-0"]
[WhiteElo "2502"]
[BlackElo "2392"]

1.e4 e6 2.d4 d5 3.Nc3 Bb4 4.e5 Ne7 5.a3 Bxc3+ 6.bxc3 c5 7.h4 Qc7 8.h5 h6
9.Nf3 b6 10.Bb5+ Bd7 11.Bd3 c4 12.Be2 Ba4 13.Nh4 Nbc6 14.Bg4 O-O-O 15.f4 Qd7
16.Qe2 Rdg8 17.Be3 g6 18.hxg6 fxg6 19.O-O-O Nf5 20.Bf2 Qe7 21.Kb2 b5 22.Nf3 a5
23.Ra1 Qf7 24.Qd2 Rf8 25.Bh3 Ng7 26.Bh4 Rhg8 27.Bf6 Nh5 28.Bg4 Ne7 29.Bxe7 Qxe7
30.Bxh5 gxh5 31.Rxh5 Qg7 32.Rg1 Qg3 33.f5 Rxf5 34.Rxf5 exf5 35.Qxh6 Qf2 36.Qe6+ Kc7
37.Qxf5 Rxg2 38.Rxg2 Qxg2 39.Ng5 b4 40.axb4 axb4 41.Ne6+ Kb6 42.Nc5 bxc3+
43.Ka3 Qg1 44.Qf6+ Kc7 45.Qe7+ Kc8 46.Kxa4  1-0

[Event "e2e4 Buxton Open"]
[Site "Buxton ENG"]
[Date "2012.06.29"]
[Round "1"]
[White "Spence,D"]
[Black "Burke,Steven J"]
[Result "1-0"]
[WhiteElo "2235"]
[BlackElo "2046"]

1.e4 e6 2.d4 d5 3.Nc3 Bb4 4.e5 Qd7 5.Qg4 f5 6.Qg3 b6 7.Nh3 Ba6 8.Bxa6 Nxa6
9.Nf4 O-O-O 10.O-O g6 11.a3 Bxc3 12.bxc3 Ne7 13.a4 Nc6 14.Qd3 Nab8 15.Ba3 Na5
16.Bb4 Nc4 17.a5 Nc6 18.Rfb1 Qf7 19.Qe2 Rhg8 20.Nd3 g5 21.Nb2 b5 22.a6 Nxb4
23.Nxc4 dxc4 24.Rxb4 c6 25.Rab1 Kd7 26.Rxc4 Rb8 27.Rcb4 Kc7 28.c4 Qe7 29.d5 exd5
30.cxd5 cxd5 31.Rxb5 Rb6 32.c4 Re8 33.Rxb6 axb6 34.cxd5 Qxe5 35.Qc4+ Kd8
36.g3 Re7 37.Qc6 Rc7 38.Qxb6 Qxd5 39.Rc1 Qd7 40.a7 Kc8 41.a8=R+  1-0

[Event "Stockholm Master Open 2012"]
[Site "Stockholm SWE"]
[Date "2012.06.30"]
[Round "4.10"]
[White "Adler,B"]
[Black "Eriksson,Jor"]
[Result "1/2-1/2"]
[WhiteElo "2137"]
[BlackElo "2220"]

1.e4 e6 2.d4 d5 3.Nc3 Bb4 4.e5 Ne7 5.Bd2 Nf5 6.Bd3 O-O 7.Nf3 c5 8.dxc5 Nc6
9.O-O Bxc5 10.Bxf5 exf5 11.Bg5 Be7 12.Bxe7 Nxe7 13.Ne2 Nc6 14.Qd2 Re8 15.Nf4 Be6
16.Rad1 Qb6 17.c3 Rad8 18.Nh5 h6 19.Qf4 Kh8 20.Nf6 Rf8 21.Rd3 Ne7 22.Nh4 g5
23.Qd2 Kg7 24.Nf3 Rh8 25.h4 g4 26.Nd4 Ng6 27.Re1 Nxh4 28.Qf4 Qxb2 29.g3 Nf3+
30.Nxf3 gxf3 31.Nh5+ Kh7 32.Nf6+ Kg7 33.Rxf3 Rc8 34.Nh5+ Kf8 35.Qe3 Qb6 36.Qd2 Rc4
37.Nf6 Qc6 38.Rd3 Rc5 39.Ree3 Ke7 40.Rf3 Qc7 41.Nxd5+ Bxd5 42.Rxd5 Rxd5 43.Qxd5 Rd8
44.Qb3 Qd7 45.Qa3+ Ke6 46.Qxa7 Qc6 47.Qe3 Rd1+ 48.Kh2 Qe4 49.Qxh6+ Kd7 50.Qf4 Ke6
51.Kg2 Qxf4 52.Rxf4 Kxe5 53.Rb4 Rd7 54.a4 Rc7 55.Kf1 f6 56.Rb3 f4 57.Rb5+ Ke6
58.gxf4 Rxc3 59.f5+ Kd6 60.Rxb7 Rc4 61.Rb3 Rxa4 62.Re3 Ra5 63.Re6+ Kd7 64.Rxf6 Ke7
65.Rb6 Rxf5 66.Kg2 Kf7 67.Kg3 Rg5+ 68.Kf4 Ra5 69.Kg4 Ra4+ 70.f4 Ra5  1/2-1/2

[Event "e2e4 Buxton Open"]
[Site "Buxton ENG"]
[Date "2012.07.01"]
[Round "4"]
[White "Burrows,M"]
[Black "Maciol,R"]
[Result "0-1"]
[WhiteElo "2134"]
[BlackElo "2199"]

1.e4 e6 2.d4 d5 3.Nc3 Bb4 4.e5 Qd7 5.Nh3 b6 6.Nf4 Bb7 7.Qg4 Bf8 8.Be3 Nc6
9.Bb5 Nge7 10.O-O Nf5 11.Nce2 O-O-O 12.Ng3 a6 13.Bxc6 Bxc6 14.Nxf5 exf5 15.Qd1 Be7
16.Nd3 Bb5 17.b3 a5 18.a4 Ba6 19.c3 Kb7 20.Qc2 f6 21.exf6 Bxf6 22.b4 axb4
23.cxb4 Bc4 24.Rfd1 g5 25.Ne5 Bxe5 26.dxe5 f4 27.Bd4 f3 28.Ra3 Rhf8 29.Rxf3 Rxf3
30.gxf3 Qh3 31.Re1 Qxf3 32.Qd1 Qf5 33.Re3 Rf8 34.Rg3 h5 35.Kg2 g4 36.a5 Qe4+
37.Kg1 Be2 38.Qe1 Rf3 39.Be3 h4 40.Rg2 Bc4 41.Bd2 Be2 42.a6+ Kxa6 43.Qa1+ Kb7
44.h3 Rb3 45.Be1 Rb1 46.Qc3 Bc4  0-1